Statistics for Star Wars Quotes

Click here to take the quiz!

General Stats

  • This quiz has been taken 1,382 times
  • The average score is 10 of 15

Answer Stats

HintAnswer% Correct
The force is _____ with this one.strong
98%
Do... or do not. There is no ___.try
93%
Use the force, ____.Luke
90%
Never tell me the ____.odds
88%
You’ve never heard of the Millennium Falcon? It’s the ship that made the Kessel run in less than 12 _______parsecs
87%
That's no moon. It's a ______ _______space station
82%
What a piece of ____!junk
73%
Away put your ______. I mean you no harm.weapon
69%
This is ____ 5. I'm going in.red
66%
Why, you stuck up, half-witted, scruffy-looking Nerf _____.herder
65%
__________. Most __________. Obi-Wan has taught you well. You have controlled your fear. Now, release your anger. Only your hatred can destroy me.impressive
60%
You have your _______. Not many of them, but you do have them.moments
37%
You must _______ what you have learned.unlearn
27%
I won't _____ you. I'm not afraid.fail
25%
Help! I think I'm _______! This is all your fault!melting
16%

Score Distribution

Percentile by Number Answered

Percent of People with Each Score

Your Score History

You have not taken this quiz